LEADER 00878cam0-2200325---450- 001 990005891210403321 005 20120403105019.0 010 $a84-7727-173-9 035 $a000589121 035 $aFED01000589121 035 $a(Aleph)000589121FED01 035 $a000589121 100 $a20000421d1996----km-y0itay50------ba 101 0 $acat 102 $aES 105 $a--------001yy 200 1 $a<>prosa literaria de Josep Carner$fMarcel Ortin 210 $aBarcelona$cQuaderns Crema$d1996 215 $a535 p.$d21 cm 225 1 $aAssaig$v18 610 0 $aCarner, Josep 676 $a849.9152 700 1$aOrtin,$bMarcel$0224364 801 0$aIT$bUNINA$gRICA$2UNIMARC 901 $aBK 912 $a990005891210403321 952 $a849.9152 CARN/S 3$bDip.f.m.10519$fFLFBC 959 $aFLFBC 996 $aProsa literaria de Josep Carner$9563003 997 $aUNINA LEADER 01294nam0 22002533i 450 001 VAN00107433 005 20240806100733.940 100 $a20170126d2000 |0itac50 ba 101 $aita 102 $aIT 105 $a|||| ||||| 200 1 $aQuadro Comunitario di Sostegno per le regioni italiane dell'Obiettivo 1 2000-2006$edecisione della commissione C (2000) 2050 dell'01.08.2000, C$fUnione Europea, Ministero dell'economia e delle finanze, DPS, Dipartimento per le politiche di sviluppo 210 $aRoma$cIstituto poligrafico e zecca dello stato$d2000 215 $a246 p.$d30 cm. 606 $aComunità economica europea$xFinanziamenti$3VANC032883$2AR 620 $dRoma$3VANL000360 710 02$aUnione europea$3VANV005884$0361259 712 $a*Istituto poligrafico e Zecca dello Stato $3VANV108205$4650 801 $aIT$bSOL$c20260320$gRICA 899 $aBIBLIOTECA DEL DIPARTIMENTO DI ARCHITETTURA E DISEGNO INDUSTRIALE$1IT-CE0107$2VAN01 912 $aVAN00107433 950 $aBIBLIOTECA DEL DIPARTIMENTO DI ARCHITETTURA E DISEGNO INDUSTRIALE$d01PREST FONDO EMAN106 $e01 52601 20170126 996 $aQuadro Comunitario di Sostegno per le regioni italiane dell'Obiettivo 1 2000-2006$91412591 997 $aUNICAMPANIA